[Event "II Festival A"]
[Site "Fano ITA"]
[Date "2013.07.29"]
[Round "1"]
[White "Burmakin, Vladimir"]
[Black "Lantini, Marco"]
[WhiteElo "2559"]
[BlackElo "2119"]
[Result "1-0"]
[PlyCount "69"]
[EventDate "2013.07.29"]

1. Nf3 d5 2. c4 d4 3. b4 Nf6 4. Bb2 c5 5. bxc5 Nc6 6. g3 e5 7. d3 Bxc5 8. Bg2
O-O 9. Nbd2 Re8 10. O-O Bf5 11. Nb3 Bf8 12. a4 Qc8 13. Ba3 Bh3 14. Bxf8 Kxf8
15. Nbd2 Bxg2 16. Kxg2 Nb4 17. a5 Qc6 18. Nb3 Rad8 19. Qb1 Na6 20. Qa2 Kg8 21.
Qa4 Qc8 22. Qb5 Nd7 23. Nfd2 Re6 24. Ne4 Rh6 25. h4 Nc7 26. Qb4 Nf6 27. Nxf6+
gxf6 28. Nc5 Ne6 29. Nxe6 fxe6 30. Rab1 Rd7 31. a6 b6 32. c5 Qc6+ 33. Kh3 bxc5
34. Qb8+ Kg7 35. Rb7 1-0

[Event "II Festival A"]
[Site "Fano ITA"]
[Date "2013.07.29"]
[Round "1"]
[White "Costantini, Roberto"]
[Black "Cardarelli, Angelo"]
[WhiteElo "2290"]
[BlackElo "1980"]
[Result "1-0"]
[PlyCount "113"]
[EventDate "2013.07.29"]

1. e4 e6 2. d4 d5 3. Nc3 Nf6 4. e5 Nfd7 5. f4 c5 6. Nf3 Nc6 7. Be3 cxd4 8. Nxd4
Bc5 9. Qd2 Nxd4 10. Bxd4 Bxd4 11. Qxd4 Qb6 12. Nb5 Qxd4 13. Nxd4 a6 14. Bd3 Nc5
15. Kd2 Bd7 16. Raf1 f5 17. g4 Nxd3 18. Kxd3 Bb5+ 19. Nxb5 axb5 20. gxf5 exf5
21. Kd4 Ke7 22. Rhg1 g6 23. a3 Ra4+ 24. Kd3 Re4 25. Rg3 d4 26. Rh3 Ke6 27. Kd2
Kd5 28. Rb3 Kc5 29. a4 b4 30. Rh3 b6 31. Rff3 Kd5 32. Rh6 Ke6 33. Rh4 Kd5 34.
Rb3 Kc4 35. Rg3 Kd5 36. Rf3 h5 37. Rg3 Rg8 38. Kd3 Rg7 39. b3 Rg8 40. Rxh5 gxh5
41. Rxg8 Rxf4 42. Rg6 Rf3+ 43. Kd2 Kxe5 44. Rxb6 Ke4 45. a5 Rf2+ 46. Kc1 Rg2
47. a6 Rg8 48. Rxb4 Ke3 49. a7 Ra8 50. Rb7 f4 51. Re7+ Kf2 52. b4 f3 53. b5 Kg1
54. b6 Rf8 55. Re1+ Kxh2 56. b7 f2 57. b8=Q+ 1-0

[Event "II Festival A"]
[Site "Fano ITA"]
[Date "2013.07.29"]
[Round "1"]
[White "Csonkics, Tunde"]
[Black "Fathi, Hassan"]
[WhiteElo "2205"]
[BlackElo "1921"]
[Result "1/2-1/2"]
[PlyCount "68"]
[EventDate "2013.07.29"]

1. d4 Nf6 2. c4 d6 3. Nf3 c6 4. Nc3 Qc7 5. e4 Bg4 6. Be2 Nbd7 7. Ng1 Bxe2 8.
Ngxe2 e5 9. O-O Be7 10. d5 c5 11. Ng3 g6 12. Bh6 Bf8 13. Be3 Bg7 14. Rb1 a6 15.
h3 O-O 16. Qd2 Rfb8 17. Bh6 Bh8 18. Nf5 Re8 19. Qg5 Nb6 20. b3 Nc8 21. Ng3 Qe7
22. Qd2 Qc7 23. Bg5 Nd7 24. Kh1 f6 25. Be3 Bg7 26. f4 exf4 27. Bxf4 Ne5 28.
Bxe5 Rxe5 29. Nce2 Nb6 30. Nf4 Qe7 31. Ne6 Nd7 32. Rfe1 Nf8 33. Nxg7 Kxg7 34.
Qf4 Nd7 1/2-1/2

[Event "II Festival A"]
[Site "Fano ITA"]
[Date "2013.07.29"]
[Round "1"]
[White "Di Primio, Eugenia"]
[Black "Rossi, Aldo A."]
[WhiteElo "1943"]
[BlackElo "2260"]
[Result "0-1"]
[PlyCount "184"]
[EventDate "2013.07.29"]

1. e4 c5 2. Nc3 Nc6 3. Bb5 Nd4 4. Bc4 g6 5. Nge2 Bg7 6. Nxd4 cxd4 7. Ne2 e6 8.
d3 b5 9. Bb3 Ne7 10. O-O O-O 11. c3 dxc3 12. bxc3 d5 13. exd5 Nxd5 14. Bb2 Bb7
15. Qd2 Nb6 16. Rfd1 a5 17. a3 Qh4 18. Qf4 Qxf4 19. Nxf4 b4 20. axb4 axb4 21.
d4 bxc3 22. Bxc3 Rxa1 23. Rxa1 Ra8 24. Rxa8+ Bxa8 25. f3 Kf8 26. Kf2 Bc6 27.
Nd3 Bd5 28. Bxd5 Nxd5 29. Bb2 Ke8 30. g3 Bf8 31. f4 Bd6 32. Kf3 h5 33. Ne5 Ne7
34. Nc4 Bb4 35. h3 f6 36. Ne3 Kf7 37. g4 Bd6 38. Nc4 Nc8 39. Nxd6+ Nxd6 40. Ba3
Nb5 41. Bc5 f5 42. gxh5 gxh5 43. Kg3 Kg6 44. Bb6 Nc3 45. Kf3 Ne4 46. Bc7 Kf7
47. Be5 Ke7 48. Ke3 Kd7 49. h4 Kc6 50. Bg7 Kd5 51. Be5 Kc4 52. Bg7 Nc3 53. Be5
Nd5+ 54. Kd2 Nb4 55. Bg7 Kd5 56. Kc3 Nc6 57. Kd3 Na5 58. Be5 Nb7 59. Bg7 Nd6
60. Be5 Ne4 61. Bg7 Kc6 62. Be5 Kb5 63. Bg7 Kc6 64. Be5 Kd5 65. Bg7 Nd6 66. Be5
Nc4 67. Bg7 Nb6 68. Be5 Kc6 69. Bg7 Nd5 70. Be5 Kb5 71. Bd6 Kc6 72. Be5 Ne7 73.
Bf6 Ng6 74. Bg5 Kd5 75. Ke3 Kc4 76. Bf6 Nf8 77. Bg7 Nd7 78. Bh8 Nb8 79. Be5 Nc6
80. Bf6 Nb4 81. Be5 Nc2+ 82. Kd2 Nxd4 83. Ke3 Nc2+ 84. Kd2 Nb4 85. Ke2 Nc6 86.
Bg7 Ne7 87. Bf6 Ng6 88. Ke3 Kd5 89. Bg5 e5 90. fxe5 Kxe5 91. Kf3 f4 92. Bd8 Kf5
0-1

[Event "II Festival A"]
[Site "Fano ITA"]
[Date "2013.07.29"]
[Round "1"]
[White "Drazic, Sinisa"]
[Black "Lavorgna, Giovanni"]
[WhiteElo "2464"]
[BlackElo "2060"]
[Result "1-0"]
[PlyCount "37"]
[EventDate "2013.07.29"]

1. f4 Nf6 2. Nf3 c5 3. g3 g6 4. Bg2 Bg7 5. O-O O-O 6. d3 d5 7. Nc3 Nc6 8. e4 d4
9. Ne2 e5 10. h3 Re8 11. a3 Nh5 12. f5 gxf5 13. exf5 Nf6 14. Ng5 Ne7 15. g4
Ned5 16. Ne4 Rb8 17. N2g3 Bd7 18. Nxf6+ Nxf6 19. g5 1-0

[Event "II Festival A"]
[Site "Fano ITA"]
[Date "2013.07.29"]
[Round "1"]
[White "Gambardella, Piero"]
[Black "Ambartsumova, Karina"]
[WhiteElo "1992"]
[BlackElo "2306"]
[Result "0-1"]
[PlyCount "96"]
[EventDate "2013.07.29"]

1. d4 Nf6 2. c4 e6 3. Nf3 d5 4. Nc3 Bb4 5. Bg5 h6 6. Bxf6 Qxf6 7. Qb3 Nc6 8. e3
dxc4 9. Bxc4 O-O 10. O-O Bd6 11. Ne4 Qe7 12. Nxd6 cxd6 13. Be2 b6 14. Rac1 Bb7
15. Qa3 a6 16. Rc2 Rfc8 17. Rfc1 b5 18. Nd2 Na7 19. Bf3 Rxc2 20. Rxc2 Rc8 21.
Rxc8+ Nxc8 22. Qa5 Bxf3 23. Nxf3 Qb7 24. Qd8+ Kh7 25. h3 Qc6 26. Qf8 Qc7 27. e4
Qc1+ 28. Kh2 Qf4+ 29. Kg1 Nb6 30. Qd8 Qc1+ 31. Kh2 Qf4+ 32. Kg1 Na4 33. Qc7
Nxb2 34. Qc2 Nc4 35. a4 f5 36. axb5 axb5 37. d5 Qxe4 38. Qxe4 fxe4 39. dxe6 Kg6
40. Nd4 b4 41. Kf1 Kf6 42. Ke2 g5 43. f3 d5 44. g3 Na5 45. f4 gxf4 46. gxf4 b3
47. Kd1 e3 48. e7 Kxe7 0-1

[Event "II Festival A"]
[Site "Fano ITA"]
[Date "2013.07.29"]
[Round "1"]
[White "Ivanisevic, Ivan"]
[Black "Persson, Andreas"]
[WhiteElo "2649"]
[BlackElo "2167"]
[Result "1-0"]
[PlyCount "65"]
[EventDate "2013.07.29"]

1. e4 e5 2. Nf3 Nc6 3. Nc3 Nf6 4. Bb5 Nd4 5. Bc4 Bc5 6. Nxe5 Qe7 7. Nd3 Bb6 8.
O-O d6 9. Nd5 Nxd5 10. Bxd5 O-O 11. c3 c6 12. Bc4 d5 13. exd5 Ne2+ 14. Kh1 cxd5
15. Bxd5 Bf5 16. Ne1 Nf4 17. Bc4 Rac8 18. d3 Qd6 19. Qf3 g5 20. Qg3 Qg6 21.
Bxf4 gxf4 22. Qxf4 Bc7 23. Qh4 Rfe8 24. Nf3 Re2 25. Nd4 Rxb2 26. Rae1 Rf8 27.
Nxf5 Qxf5 28. Re3 b5 29. Rf3 Qd7 30. Qg5+ Kh8 31. Qf6+ Kg8 32. Rf5 h6 33. Qg6+
1-0

[Event "II Festival A"]
[Site "Fano ITA"]
[Date "2013.07.29"]
[Round "1"]
[White "Klimentov, Evgeny"]
[Black "Zakharov, Aleksej"]
[WhiteElo "2006"]
[BlackElo "2331"]
[Result "1/2-1/2"]
[PlyCount "127"]
[EventDate "2013.07.29"]

1. e4 c5 2. Nf3 Nc6 3. Bb5 g6 4. Bxc6 dxc6 5. d3 Bg7 6. Nc3 Nf6 7. Be3 Nd7 8.
O-O e5 9. Qd2 O-O 10. Bh6 Qe7 11. h3 Rd8 12. Bxg7 Kxg7 13. Nh2 Nf8 14. f4 exf4
15. Rxf4 Ne6 16. Rf2 Qg5 17. Qxg5 Nxg5 18. Raf1 Rf8 19. e5 Bxh3 20. gxh3 Nxh3+
21. Kg2 Nxf2 22. Rxf2 Rae8 23. Nf3 c4 24. Ne4 cxd3 25. cxd3 Re7 26. d4 Rd8 27.
Nf6 h6 28. Kg3 g5 29. Kg4 Kg6 30. Rd2 Re6 31. Rg2 a5 32. Nh4+ Kg7 33. Kh5 Rxf6
34. exf6+ Kxf6 35. Rf2+ Ke6 36. Nf5 f6 37. Kxh6 g4 38. Kg6 Rg8+ 39. Ng7+ Kd5
40. Rxf6 Rh8 41. Rf5+ Ke4 42. Rg5 Kf3 43. Nh5 Rg8+ 44. Kf6 Rxg5 45. Kxg5 g3 46.
Nf4 g2 47. Nh3 Ke4 48. Kf6 Kxd4 49. Nf4 g1=N 50. Ne6+ Kd5 51. Nf4+ Kc4 52. Ke5
Nf3+ 53. Ke4 Ng5+ 54. Ke3 b5 55. Kd2 Ne4+ 56. Kc2 c5 57. Ne2 Kd5 58. a3 Ke5 59.
Nc1 c4 60. b3 c3 61. Ne2 b4 62. axb4 axb4 63. Nc1 Nc5 64. Na2 1/2-1/2

[Event "II Festival A"]
[Site "Fano ITA"]
[Date "2014.05.09"]
[Round "1"]
[White "Panella, Fiammetta"]
[Black "Shytaj, Luca"]
[WhiteElo "2050"]
[BlackElo "2456"]
[Result "0-1"]
[PlyCount "69"]
[EventDate "2013.07.29"]

1. e4 c5 2. Nf3 d6 3. d4 Nf6 4. Nc3 cxd4 5. Nxd4 Bd7 6. f4 e5 7. Nf3 Qa5 8. Bd3
Be7 9. O-O Nc6 10. Kh1 Bg4 11. Qe1 Rc8 12. Bd2 Qd8 13. Bb5 Bxf3 14. Rxf3 O-O
15. Bxc6 bxc6 16. fxe5 dxe5 17. Rd1 Qd7 18. Bg5 Qe6 19. Bxf6 Bxf6 20. b3 Rfd8
21. Rfd3 Rd4 22. Na4 h5 23. c3 Rxd3 24. Rxd3 Be7 25. Qe3 Qg4 26. h3 Qh4 27. Qf3
Rf8 28. Rd7 f5 29. exf5 e4 30. Qf1 e3 31. Rd4 Qg3 32. Qf4 Qe1+ 33. Kh2 e2 34.
Re4 Bh4 35. Qf3 0-1

[Event "II Festival A"]
[Site "Fano ITA"]
[Date "2013.07.29"]
[Round "1"]
[White "Prohaszka, Peter"]
[Black "Chierici, Marianna"]
[WhiteElo "2554"]
[BlackElo "2076"]
[Result "1-0"]
[PlyCount "45"]
[EventDate "2013.07.29"]

1. d4 d5 2. Nf3 Nf6 3. c4 g6 4. cxd5 Bg7 5. Qa4+ Nbd7 6. Nc3 O-O 7. e4 Nb6 8.
Qc2 Ng4 9. h3 Nh6 10. g4 Kh8 11. g5 Ng8 12. h4 f5 13. h5 gxh5 14. Bd3 fxe4 15.
Bxe4 Qe8 16. Ne5 Nd7 17. Bxh7 Nxe5 18. dxe5 Rxf2 19. Qxf2 Kxh7 20. Qc2+ Kh8 21.
Qe2 Kh7 22. Rxh5+ Kg6 23. Rh4 1-0

[Event "II Festival A"]
[Site "Fano ITA"]
[Date "2013.07.29"]
[Round "1"]
[White "Rago, Riccardo"]
[Black "Solodovnichenko, Yuri"]
[WhiteElo "2084"]
[BlackElo "2555"]
[Result "0-1"]
[PlyCount "80"]
[EventDate "2013.07.29"]

1. e4 d6 2. d4 g6 3. Nf3 Nf6 4. Nc3 Bg7 5. h3 O-O 6. Be2 b6 7. O-O Bb7 8. e5
Ne8 9. Bf4 Nc6 10. Re1 h6 11. Bc4 e6 12. a3 Ne7 13. Qe2 c5 14. exd6 Nxd6 15.
dxc5 Nxc4 16. Qxc4 Rc8 17. Rad1 Rxc5 18. Qe2 Nd5 19. Nxd5 Rxd5 20. c4 Rxd1 21.
Rxd1 Qf6 22. Bc1 Rc8 23. Nh2 h5 24. Nf1 Qh4 25. b3 Qe4 26. Qxe4 Bxe4 27. Rd7
Bc2 28. Nd2 Bh6 29. b4 e5 30. c5 bxc5 31. bxc5 a5 32. g3 a4 33. Bb2 Rxc5 34. g4
Bf4 35. f3 f5 36. gxh5 gxh5 37. Kf1 Kf8 38. Ke2 e4 39. fxe4 fxe4 40. Rd4 Bd3+
0-1

[Event "II Festival A"]
[Site "Fano ITA"]
[Date "2013.07.29"]
[Round "1"]
[White "Rebeggiani, Andrea"]
[Black "Gromovs, Sergejs"]
[WhiteElo "1910"]
[BlackElo "2202"]
[Result "1/2-1/2"]
[PlyCount "64"]
[EventDate "2013.07.29"]

1. d4 Nf6 2. Bf4 d6 3. e3 Bf5 4. c4 e6 5. Nc3 Be7 6. h3 O-O 7. Nf3 c6 8. Bd3 a6
9. O-O b5 10. Bxf5 exf5 11. b3 b4 12. Ne2 Ne4 13. Nd2 Nd7 14. Nxe4 fxe4 15. Qc2
f5 16. Bh2 g5 17. f3 d5 18. fxe4 fxe4 19. Rxf8+ Nxf8 20. Rf1 Qd7 21. Ng3 Ng6
22. Nf5 a5 23. Qe2 a4 24. Nh6+ Kh8 25. Nf7+ Kg8 26. bxa4 dxc4 27. Nh6+ Kh8 28.
Nf7+ Kg8 29. Nh6+ Kh8 30. Nf7+ Kg8 31. Nh6+ Kh8 32. Nf7+ Kg8 1/2-1/2

[Event "II Festival A"]
[Site "Fano ITA"]
[Date "2013.07.29"]
[Round "1"]
[White "Rezzuti, Vincenzo"]
[Black "Klimentov, Roman"]
[WhiteElo "1930"]
[BlackElo "2219"]
[Result "0-1"]
[PlyCount "50"]
[EventDate "2013.07.29"]

1. e4 c5 2. c3 g6 3. Nf3 Bg7 4. d4 cxd4 5. cxd4 d5 6. exd5 Nf6 7. Nc3 O-O 8.
Qb3 Nbd7 9. Be2 Nb6 10. O-O Nfxd5 11. Rd1 Be6 12. Ng5 Nxc3 13. Qxc3 Bf5 14. Bf3
Rc8 15. Qa3 Bc2 16. Re1 Bxd4 17. Qxa7 e5 18. Qxb7 Na4 19. Ne4 Bxe4 20. Qxe4 Nc5
21. Qd5 Nd3 22. Rf1 Nxf2 23. Qxd8 Rfxd8 24. g3 e4 25. Be2 Rc2 0-1

[Event "II Festival A"]
[Site "Fano ITA"]
[Date "2013.07.29"]
[Round "1"]
[White "Rindlisbacher, Lars"]
[Black "Petrone, Gianmario"]
[WhiteElo "2315"]
[BlackElo "1993"]
[Result "1-0"]
[PlyCount "67"]
[EventDate "2013.07.29"]

1. d4 Nf6 2. c4 g6 3. Nc3 Bg7 4. e4 d6 5. Nf3 O-O 6. Be2 Na6 7. O-O e5 8. Be3
Ng4 9. Bg5 Qe8 10. h3 h6 11. Bc1 Nf6 12. dxe5 dxe5 13. Be3 Qe7 14. a3 c6 15.
Qc2 Nh5 16. Rfd1 Nf4 17. Bf1 Qf6 18. Nd2 Nc7 19. b4 Be6 20. Nb3 Rfd8 21. Rxd8+
Qxd8 22. Kh2 g5 23. g3 Ng6 24. Rd1 Qe8 25. Na5 b6 26. Nb7 Qe7 27. Nd6 Rd8 28.
Nf5 Qe8 29. Rxd8 Qxd8 30. Qa4 Bxf5 31. exf5 Ne7 32. Qxa7 Nxf5 33. Bxb6 Qd2 34.
Qxc7 1-0

[Event "II Festival A"]
[Site "Fano ITA"]
[Date "2013.07.29"]
[Round "1"]
[White "Simonetto, Adriano"]
[Black "Caprio, Guido"]
[WhiteElo "2026"]
[BlackElo "2415"]
[Result "0-1"]
[PlyCount "64"]
[EventDate "2013.07.29"]

1. d4 d5 2. c4 e6 3. Nc3 a6 4. cxd5 exd5 5. Nf3 c6 6. Qc2 Bd6 7. Bg5 Ne7 8. Rc1
O-O 9. e3 f6 10. Bh4 Nf5 11. Bd3 g6 12. Bg3 Nxg3 13. hxg3 f5 14. g4 Qe7 15.
gxf5 Bxf5 16. Bxf5 Rxf5 17. Kd2 Nd7 18. Rce1 Nf6 19. Kc1 Qf7 20. Nh4 Rh5 21. f4
Re8 22. Kb1 Bxf4 23. Nxg6 Rxh1 24. Rxh1 Bxe3 25. Ne5 Qg7 26. Nf3 Bf4 27. Qf5
Qg6 28. Nh4 Qxf5+ 29. Nxf5 Ne4 30. Rh4 Bb8 31. Rg4+ Kf8 32. Nxe4 dxe4 0-1

[Event "II Festival A"]
[Site "Fano ITA"]
[Date "2013.07.29"]
[Round "1"]
[White "Stella, Andrea"]
[Black "Rizzardi, Franco"]
[WhiteElo "2447"]
[BlackElo "2027"]
[Result "1-0"]
[PlyCount "59"]
[EventDate "2013.07.29"]

1. Nf3 d5 2. c4 c6 3. g3 Nf6 4. Bg2 Bf5 5. Qb3 Qb6 6. Qxb6 axb6 7. cxd5 Nxd5 8.
Nc3 Nxc3 9. bxc3 h6 10. O-O e6 11. c4 Ba3 12. d3 Bxc1 13. Rfxc1 Nd7 14. Nd4 Bg6
15. Rcb1 O-O 16. Rb2 Rfd8 17. Nc2 Ra4 18. f4 e5 19. fxe5 Re8 20. Bh3 Nxe5 21.
Rxb6 Nxc4 22. Rb4 Rxb4 23. Nxb4 Nd6 24. Kf2 f6 25. a4 Bf7 26. Bg2 c5 27. Nd5
Kf8 28. Rc1 Rc8 29. Nb6 Rc7 30. Rc3 1-0

[Event "II Festival A"]
[Site "Fano ITA"]
[Date "2013.07.29"]
[Round "1"]
[White "Tonel, Giulia"]
[Black "Fico, Massimiliano"]
[WhiteElo "1973"]
[BlackElo "2281"]
[Result "1-0"]
[PlyCount "65"]
[EventDate "2013.07.29"]

1. d4 d5 2. c4 Nc6 3. Nf3 Bg4 4. e3 e5 5. dxe5 d4 6. Be2 Bb4+ 7. Kf1 dxe3 8.
Qxd8+ Rxd8 9. Bxe3 Bxf3 10. gxf3 Nxe5 11. a3 Be7 12. Nc3 a6 13. Rg1 Nf6 14. b4
O-O 15. Bf4 Bd6 16. Bg5 Ng6 17. Nd5 Bxh2 18. Rg2 Be5 19. Rc1 c6 20. f4 Bb2 21.
Rb1 cxd5 22. Rxb2 Kh8 23. c5 d4 24. Rb3 Rfe8 25. Rh3 Nd5 26. Rgh2 f6 27. Rxh7+
Kg8 28. f5 Ngf4 29. Bxf4 Nxf4 30. Bc4+ Kf8 31. R2h4 d3 32. Rg4 Nh5 33. Rxh5 1-0

[Event "II Festival A"]
[Site "Fano ITA"]
[Date "2013.07.29"]
[Round "1"]
[White "Villani, Cristian"]
[Black "Rombaldoni, Axel"]
[WhiteElo "2063"]
[BlackElo "2494"]
[Result "0-1"]
[PlyCount "80"]
[EventDate "2013.07.29"]

1. Nf3 g6 2. c4 Bg7 3. Nc3 e5 4. g3 Nc6 5. Bg2 Nge7 6. O-O d6 7. d3 O-O 8. Rb1
a5 9. a3 f5 10. Bd2 h6 11. Ne1 g5 12. Nd5 Ng6 13. e3 Be6 14. Bc3 Nb8 15. Bd2 c6
16. Nc3 Nd7 17. b3 Qe7 18. Nc2 f4 19. Qe2 Qf7 20. Bf3 Bh3 21. e4 g4 22. Bh1 f3
23. Qd1 Bxf1 24. Qxf1 h5 25. Bg5 Bf6 26. Bh6 Bg7 27. Bg5 Nc5 28. Bc1 Ne7 29.
Bg5 Bf6 30. Bh6 Rfe8 31. Be3 Ne6 32. Qc1 Nd4 33. Bxd4 exd4 34. Nd1 Qg6 35. a4
Bg5 36. Qb2 c5 37. Na3 Nc6 38. Ra1 Re7 39. Nb5 h4 40. Qb1 hxg3 0-1

[Event "II Festival A"]
[Site "Fano ITA"]
[Date "2013.07.30"]
[Round "2"]
[White "Ambartsumova, Karina"]
[Black "Prohaszka, Peter"]
[WhiteElo "2306"]
[BlackElo "2554"]
[Result "0-1"]
[PlyCount "60"]
[EventDate "2013.07.29"]

1. e4 c6 2. Nc3 d5 3. Nf3 Nf6 4. Qe2 Bg4 5. exd5 Bxf3 6. Qxf3 cxd5 7. Bb5+ Nc6
8. d4 Rc8 9. O-O e6 10. Be3 Qb6 11. Rab1 Bd6 12. Bf4 Be7 13. Rfd1 O-O 14. Be5
Nd7 15. Bxc6 Rxc6 16. Qd3 Nxe5 17. dxe5 Rfc8 18. Rdc1 Rc4 19. Re1 a6 20. g3 h6
21. Kg2 Bb4 22. a3 Bxc3 23. bxc3 Qc6 24. Rb3 Rxc3 25. Rxc3 Qxc3 26. Qxc3 Rxc3
27. Rb1 b5 28. a4 bxa4 29. Rb6 Rxc2 30. Rxa6 Ra2 0-1

[Event "II Festival A"]
[Site "Fano ITA"]
[Date "2013.07.30"]
[Round "2"]
[White "Banusz, Tamas"]
[Black "Bonafede, Alessandro"]
[WhiteElo "2588"]
[BlackElo "2380"]
[Result "1-0"]
[PlyCount "87"]
[EventDate "2013.07.29"]

1. Nf3 d6 2. d4 f5 3. g3 Nf6 4. Bg2 g6 5. O-O Bg7 6. b3 O-O 7. Bb2 Qe8 8. c4
Na6 9. Qc2 Rb8 10. Nbd2 c6 11. a3 Bd7 12. Rac1 b5 13. b4 Nc7 14. cxb5 Rxb5 15.
Nb3 Ncd5 16. e3 h6 17. Nfd2 g5 18. Rfe1 Kh8 19. Na5 Rb6 20. Nac4 Rb8 21. f3 Qg6
22. e4 Nc7 23. Ne3 fxe4 24. fxe4 Qh5 25. d5 c5 26. e5 Ng4 27. Nxg4 Qxg4 28.
exd6 Bd4+ 29. Kh1 Bf5 30. Qxc5 Bxb2 31. dxc7 Rbc8 32. Rc4 Qh5 33. Qe3 Bh3 34.
Bxh3 Qxh3 35. g4 Qh4 36. Qg3 Bxa3 37. Rxe7 Qxg3 38. hxg3 a5 39. d6 Bxb4 40. Ne4
Kg8 41. Rxb4 axb4 42. d7 Rxc7 43. Nf6+ Rxf6 44. d8=Q+ 1-0

[Event "II Festival A"]
[Site "Fano ITA"]
[Date "2013.07.30"]
[Round "2"]
[White "Caprio, Guido"]
[Black "Ivanisevic, Ivan"]
[WhiteElo "2415"]
[BlackElo "2649"]
[Result "1-0"]
[PlyCount "93"]
[EventDate "2013.07.29"]

1. d4 Nf6 2. c4 d6 3. Nf3 g6 4. Nc3 Bf5 5. Ng5 Bd7 6. e4 e5 7. Nf3 Nc6 8. d5
Ne7 9. c5 Bg7 10. cxd6 cxd6 11. Qb3 O-O 12. Bb5 Bg4 13. Be2 Nh5 14. g3 b6 15.
h3 Bd7 16. Nh4 Nf6 17. Bg5 Rc8 18. Qb4 Ne8 19. Ba6 Rc5 20. Be3 Ra5 21. Bd3 f5
22. O-O-O Kh8 23. exf5 Nxf5 24. Nxf5 gxf5 25. g4 f4 26. Bd2 Rc5 27. Bc2 Qc8 28.
Kb1 Nf6 29. Rc1 a5 30. Qxb6 Qb8 31. Qxb8 Rxb8 32. Rhd1 e4 33. Bb3 a4 34. Nxa4
Bxa4 35. Bxa4 Nxd5 36. Bb3 e3 37. Be1 Rcb5 38. fxe3 fxe3 39. Bg3 h6 40. Bxd6
Rxb3 41. axb3 Rxb3 42. Rc8+ Kh7 43. Rxd5 e2 44. Re8 Rxb2+ 45. Kc1 Ra2 46. Bb4
Ra1+ 47. Kc2 1-0

[Event "II Festival A"]
[Site "Fano ITA"]
[Date "2013.07.30"]
[Round "2"]
[White "Cardarelli, Angelo"]
[Black "Villani, Cristian"]
[WhiteElo "1980"]
[BlackElo "2063"]
[Result "1-0"]
[PlyCount "87"]
[EventDate "2013.07.29"]

1. e4 e6 2. d3 c5 3. Nf3 Nc6 4. g3 g6 5. Bg2 Bg7 6. O-O Nge7 7. c3 d6 8. Na3
O-O 9. Nc2 b6 10. d4 cxd4 11. cxd4 Ba6 12. Re1 e5 13. b4 Rc8 14. d5 Nb8 15. a4
Qc7 16. Na3 Qd7 17. b5 Bb7 18. Be3 Qd8 19. Qb1 h6 20. Nd2 f5 21. f3 Nd7 22.
Nac4 Nc5 23. a5 Rb8 24. axb6 axb6 25. Ra7 Nc8 26. Ra3 Qc7 27. Qc2 Ne7 28. Rea1
Kh7 29. Kh1 Rg8 30. Nb3 Nxb3 31. Qxb3 Nc8 32. Rc1 Qd8 33. Bh3 Rf8 34. Qc2 fxe4
35. fxe4 Qe8 36. Qb2 Ba8 37. Bxc8 Rxc8 38. Nxd6 Rxc1+ 39. Qxc1 Qe7 40. Nc4 Qb4
41. Ra7 g5 42. Kg2 Rc8 43. Qf1 Bxd5 44. Qf5+ 1-0

[Event "II Festival A"]
[Site "Fano ITA"]
[Date "2013.07.20"]
[Round "2"]
[White "Coppola, Federico"]
[Black "Panella, Fiammetta"]
[WhiteElo "1957"]
[BlackElo "2050"]
[Result "0-1"]
[PlyCount "66"]
[EventDate "2013.07.29"]

1. Nf3 c5 2. c4 e6 3. g3 Nc6 4. Bg2 Nf6 5. Nc3 a6 6. d4 cxd4 7. Nxd4 Qc7 8. O-O
Be7 9. b3 O-O 10. Bb2 d6 11. Rc1 Ne5 12. h3 Bd7 13. Kh2 Rac8 14. f4 Ng6 15. e4
Qb8 16. a4 Rfd8 17. Qe2 h5 18. Rce1 h4 19. g4 e5 20. fxe5 dxe5 21. Nf5 Bxf5 22.
gxf5 Nf4 23. Rxf4 exf4 24. e5 Bb4 25. Qf3 Nd7 26. Qxb7 Nc5 27. Qxb8 Rxb8 28.
Rd1 Rxd1 29. Nxd1 Nxb3 30. Bd5 Nd2 31. e6 fxe6 32. Bxe6+ Kf8 33. Be5 Nf3+ 0-1

[Event "II Festival A"]
[Site "Fano ITA"]
[Date "2013.07.30"]
[Round "2"]
[White "Der Manuelian, Haik O."]
[Black "Bonagura, Stefano"]
[WhiteElo "2007"]
[BlackElo "2165"]
[Result "1/2-1/2"]
[PlyCount "149"]
[EventDate "2013.07.29"]

1. e4 c6 2. d4 d5 3. Nc3 g6 4. Nf3 Bg7 5. Be2 Nh6 6. Bf4 O-O 7. Qd2 dxe4 8. Ne5
Nf5 9. O-O-O Nd6 10. h4 f6 11. Nc4 Nf7 12. Nxe4 b5 13. Ne3 e5 14. dxe5 Qxd2+
15. Rxd2 fxe5 16. Bg3 Nd7 17. Kb1 Nb6 18. Bf3 Bf5 19. Rhd1 Na4 20. h5 Rac8 21.
hxg6 hxg6 22. Ng4 Nb6 23. Ngf6+ Bxf6 24. Nxf6+ Kg7 25. Ne4 Nc4 26. Re2 Rfd8 27.
Ree1 g5 28. Nc5 Nd2+ 29. Kc1 Nxf3 30. gxf3 Rd5 31. Ne4 Rcd8 32. Nc3 Rxd1+ 33.
Rxd1 Rxd1+ 34. Nxd1 Be6 35. Ne3 a5 36. a3 Kf6 37. Kd2 Nd6 38. Kd3 c5 39. Ng4+
Bxg4 40. fxg4 Ke6 41. b3 Kd5 42. f3 c4+ 43. Ke3 cxb3 44. cxb3 a4 45. bxa4 bxa4
46. Kd3 Nb5 47. Be1 Nd4 48. Bb4 Nxf3 49. Be7 e4+ 50. Ke3 Ne5 51. Bxg5 Nxg4+ 52.
Ke2 Ne5 53. Be7 Nc4 54. Bf8 Nd6 55. Ke3 Nf5+ 56. Kf4 Nd4 57. Ke3 Nb5 58. Be7
Nd4 59. Bf8 Nc6 60. Bg7 Ne5 61. Bf8 Ng4+ 62. Ke2 Kd4 63. Bg7+ Kc4 64. Bf8 Kc3
65. Bb4+ Kc2 66. Bf8 Kb2 67. Bb4 Ne5 68. Ke3 Nc4+ 69. Kxe4 Nxa3 70. Kd3 Nb1 71.
Be7 Nc3 72. Bf8 Nd5 73. Bd6 Nb6 74. Bf8 Nc4 75. Be7 1/2-1/2

[Event "II Festival A"]
[Site "Fano ITA"]
[Date "2013.07.30"]
[Round "2"]
[White "Difronzo, Andrea"]
[Black "Gamberini, Davide"]
[WhiteElo "1943"]
[BlackElo "1901"]
[Result "1-0"]
[PlyCount "81"]
[EventDate "2013.07.29"]

1. e4 d5 2. exd5 Nf6 3. Bb5+ Bd7 4. Be2 Nxd5 5. d4 e6 6. Nf3 Be7 7. O-O O-O 8.
c4 Nf6 9. Nc3 Na6 10. Qc2 Nb4 11. Qb1 c5 12. Rd1 cxd4 13. Nxd4 Rc8 14. Be3 a6
15. a3 Nc6 16. b4 Ne5 17. Qb3 Neg4 18. Bg5 Qc7 19. g3 e5 20. Nc2 Qb6 21. Be3
Nxe3 22. Nxe3 Be6 23. Ncd5 Bxd5 24. Nxd5 Nxd5 25. Rxd5 Rfd8 26. Rad1 Rxd5 27.
Rxd5 Bf6 28. Qd3 Rd8 29. Bf3 g6 30. Rxd8+ Qxd8 31. Qxd8+ Bxd8 32. Bxb7 a5 33.
Kf1 Kf8 34. Ke2 Ke7 35. Kd3 f5 36. f3 h5 37. c5 h4 38. b5 Bc7 39. Bd5 g5 40. b6
e4+ 41. fxe4 1-0

[Event "II Festival A"]
[Site "Fano ITA"]
[Date "2013.07.30"]
[Round "2"]
[White "Fathi, Hassan"]
[Black "Klimentov, Evgeny"]
[WhiteElo "1921"]
[BlackElo "2006"]
[Result "0-1"]
[PlyCount "104"]
[EventDate "2013.07.29"]

1. Nf3 c5 2. d3 g6 3. c3 Bg7 4. e4 Nc6 5. Be2 d6 6. O-O Nf6 7. Nbd2 O-O 8. Re1
Be6 9. Ng5 Bd7 10. a4 e5 11. h3 h6 12. Ngf3 Nh5 13. Bf1 Nf4 14. Kh2 f5 15. g3
Ne6 16. Nc4 Qe7 17. Bg2 f4 18. Nh4 Kh7 19. Ra2 Ng5 20. Nd2 Be6 21. Ra3 Qd7 22.
g4 Bf6 23. Nhf3 Nf7 24. Ng1 Bh4 25. Rf1 Kg7 26. Ndf3 Bf6 27. Ne1 Rh8 28. Bf3
Ng5 29. Be2 h5 30. gxh5 Bxh3 31. Nxh3 Qxh3+ 32. Kg1 gxh5 33. Bf3 Rag8 34. Bg2
Qd7 35. Kh2 h4 36. Rg1 Kf8 37. Bf1 d5 38. exd5 Qxd5 39. Qg4 Ne7 40. Bg2 Qf7 41.
Bxb7 Ne4 42. Qf3 Ng5 43. Qg4 h3 44. Qd7 Rg6 45. Ba6 Kg7 46. Bc4 Qf8 47. Rb3 Rh4
48. Qxa7 Kh6 49. Qd7 Qg7 50. Rxg5 Rxg5 51. Bd5 Rg2+ 52. Nxg2 hxg2+ 0-1

[Event "II Festival A"]
[Site "Fano ITA"]
[Date "2013.07.30"]
[Round "2"]
[White "Gromovs, Sergejs"]
[Black "Csonkics, Tunde"]
[WhiteElo "2202"]
[BlackElo "2205"]
[Result "0-1"]
[PlyCount "29"]
[EventDate "2013.07.29"]

1. d4 Nf6 2. Nf3 e6 3. c4 b6 4. a3 Bb7 5. Nc3 Be7 6. d5 d6 7. e4 e5 8. Bd3 O-O
9. O-O a5 10. Bd2 Nbd7 11. b4 axb4 12. axb4 Kh8 13. g3 g6 14. Rxa8 Qxa8 15. Qc2
{...} 0-1